000 00298 a2200145 4500
001 169202
020 _a
040 _cMagnum
100 _aGarding, Lars
240 1 0 _aEncontro com a matematica
_lpor
245 1 0 _aEncontro com a matematica
362 0 _a1899
697 _aGERAL
942 _cBK
999 _c169202
_d169202